| 000 | 00593nam a2200229Ia 4500 | ||
|---|---|---|---|
| 003 | OSt | ||
| 005 | 20230622143327.0 | ||
| 008 | 210210b2008 xxu||||| |||| 00| 0 eng d | ||
| 020 | _a9781403926647 | ||
| 040 |
_aAL _c |
||
| 041 | _aeng | ||
| 082 | _a657 INDA | ||
| 100 |
_aINDIAN INSTITUTE OF BANKING AND FINANCE _916450 |
||
| 245 |
_aAccounting and finance for bankers _bFor JAIIB examination |
||
| 250 | _a2 | ||
| 260 |
_aNew Delhi _bMacmillan & Co. Ltd. _c2008 |
||
| 300 | _ax,542 | ||
| 650 |
_aJAIIB _916451 |
||
| 690 |
_aAccountancy _916458 |
||
| 906 | _a062891 | ||
| 942 |
_2ddc _cBK |
||
| 999 |
_c130532 _d130532 |
||